000 00306cam a22001217a 4500
008 180718b1966 xxu||||| |||| 00| 0 eng d
082 _aQ1 V449
100 _aVasudevamoorthy, M.
245 _aSocial action
_cby M. Vasudevamoorthy
260 _aBombay
_bAsia
_c1966
300 _a89p.
650 _aSocial work
999 _c432123
_d432123